| 000 | 00342nam a2200145 a 4500 | ||
|---|---|---|---|
| 001 | 4547 | ||
| 003 | CDMR | ||
| 005 | 20130116135257.0 | ||
| 008 | 130130s1992||||||||||||||||||||||||||||d | ||
| 040 |
_aCDMR _bcat _cCDMR |
||
| 245 | 0 | _aEstudios en honor de Luka Brajnovic | |
| 260 |
_aPamplona _c1992 _bEUNSA |
||
| 300 |
_a825 p ; _c23 cm |
||
| 942 | _cMON | ||
| 999 |
_c4547 _d4547 |
||